| 000 | 00584nam a2200217 a 4500 | ||
|---|---|---|---|
| 005 | 20210219152935.0 | ||
| 008 | 991125n 000 0 u | ||
| 035 | _aUPN01000067894 | ||
| 100 | 1 | _aPeñalosa Castro, Javier | |
| 222 | _aREVISTA SEP | ||
| 245 | _aEl Colegio de Bachilleres : una escuela que se perfila como institución modelo | ||
| 260 | _aMéxico | ||
| 300 | _a12-16 | ||
| 362 | 0 | _a1975 Año 4, no. 20, oct. | |
| 653 | 0 | _aACCESO A LA EDUCACION | |
| 653 | 0 | _aANUIES | |
| 653 | 0 | _aBACHILLERATO | |
| 653 | 0 | _aUNAM | |
| 904 |
_aAC _b005705 |
||
| 905 | _aArticulo | ||
| 999 |
_c64242 _d64242 |
||